000
00326cam a2200145ua 4500
001
2672
008
131128n II |||gr||||Z||||||hin
040
_a
MAIN
041
_a
English
082
_a
891 SHA
100
_a
SHARMA, BENAYAI.
245
_a
DOBLI BABTA
653
_a
East Indo-European & Celtic literatures
942
_c
BK
999
_c
2666
_d
2666